Plastic ocean: how a sea captain's chance discovery launched a determined quest to sabe the oceans
Збережено в:
| Автори: | , |
|---|---|
| Формат: | Книга |
| Мова: | Англійська |
| Опубліковано: |
Nueva York
Penguin Group
2012
|
| Редагування: | 1a. ed |
| Предмети: | |
| Теги: |
Додати тег
Немає тегів, Будьте першим, хто поставить тег для цього запису!
|
MARC
| LEADER | 00000cam a2200000 a 4500 | ||
|---|---|---|---|
| 001 | UCD3936 | ||
| 003 | CL-VaPUC | ||
| 008 | 160623e20120000us |||||||||||||||||eng|d | ||
| 020 | |a 9781583335017 | ||
| 082 | 0 | 4 | |a 363.738 |b MOO |2 21 |
| 100 | |a Moore, Charles |e autor |9 587577 | ||
| 700 | 0 | |a Phillips, Cassandra |e author |9 587578 | |
| 245 | 1 | 0 | |a Plastic ocean: how a sea captain's chance discovery launched a determined quest to sabe the oceans |
| 250 | |a 1a. ed | ||
| 300 | |a 374 p | ||
| 942 | |c BK | ||
| 945 | |d 20160623 20:47:00 |a dcastane | ||
| 260 | |a Nueva York |b Penguin Group |c 2012 | ||
| 650 | 7 | |a CONTAMINACION MARINA |2 CL-VaPUC |9 587579 | |
| 650 | 0 | |a Protección del medio ambiente |9 257626 | |
| 583 | |a last modification |c 20160623 20:47:00 |k Rodrigo Vera | ||
| 999 | |c 364950 |d 364948 | ||
| 952 | |0 0 |1 0 |3 erb |4 0 |6 363_738000000000000_MOO_2012 |7 0 |8 CCM |9 478580 |a BIBCUR |b BIBCUR |i 529424K |o 363.738 MOO 2012 |p 529424K |r 2025-04-22 |w 2019-11-24 |y BK |z Catalogado en:20160623 |k RNT | ||